Пригласительный билет и программа студенческой научной конференции химико-технологического факультета Томского политехнического института им. С. М. Кирова, посвященной 100-летию со дня рождения В. И. Ленина

Bibliographische Detailangaben
Körperschaft: Томский политехнический институт (ТПИ) химико-технологический факультет
Zusammenfassung:Ротапринт. изд.
Sprache:Russisch
Veröffentlicht: Томск, Изд-во ТПИ, 1970
Schlagworte:
Format: MixedMaterials Buch
KOHA link:https://koha.lib.tpu.ru/cgi-bin/koha/opac-detail.pl?biblionumber=184332

MARC

LEADER 00000nam0a2200000 4500
001 184332
005 20231101223834.0
010 |b 500 экз. 
035 |a (RuTPU)RU\TPU\book\199902 
090 |a 184332 
100 |a 20100903d1970 m y0rusy50 ca 
101 0 |a rus 
102 |a RU 
105 |a y z 000zy 
200 1 |a Пригласительный билет и программа студенческой научной конференции химико-технологического факультета Томского политехнического института им. С. М. Кирова, посвященной 100-летию со дня рождения В. И. Ленина  |f Томский политехнический институт (ТПИ), химико-технологический факультет 
210 |a Томск  |c Изд-во ТПИ  |d 1970 
215 |a 33 с. 
300 |a Ротапринт. изд. 
606 1 |a Химическая технология, общая  |2 stltpush  |3 (RuTPU)RU\TPU\subj\30833  |9 53864 
606 1 |a Томский политехнический университет  |2 stltpush  |3 (RuTPU)RU\TPU\subj\67475  |9 83260 
610 1 |a ТПИ 
610 1 |a химико-технологический факультет 
610 1 |a студенческие конференции 
610 1 |a Коллекция История ТПУ 
675 |a 66  |v 3 
686 |a Ч484(2)72ТПУ  |2 rubbk 
712 0 2 |a Томский политехнический институт (ТПИ)  |b химико-технологический факультет  |c (1944-1991)  |2 stltpush  |3 (RuTPU)RU\TPU\col\1123 
801 1 |a RU  |b 63413507  |c 20100903 
801 2 |a RU  |b 63413507  |c 20220822  |g RCR 
942 |c BK